000 00731nam a22002297a 4500
003 UA-OsUOA
001 116121
007 ta
008 20160210b un ||||| |||| 00| 0 ukr d
100 _aМироненко М.Ю.
700 _aШлапак Д.Р.
090 _a330(477)
_bМ64
942 _cSA
040 _aUA-OsUOA
_bukr
_cUA-OsUOA
_dUA-OsUOA
245 _aПроблеми та перспективи розвитку інститутів спільного інвестування в Україні
300 _aС.23
955 _a0
041 _aukr
080 _a330(477)
773 0 _w116116
_tЕкономіка. Фінанси. Право.
_dК.
_d2016
_g1
650 7 _a330 Економіка взагалі
_2UDC
999 _c401941
_d401941